000 01137nam a22003257a 4500
003 CHAP
005 20220329135057.0
008 971013s1974 r 10010 d
010 _a30568
011 _a31540
035 _a35652
040 _cCHAP
082 _a338.994
_bN3 1974
111 0 0 _aNational Agricultural Outlook Conference (
_d1974
_c: Camberra)
_980304
245 _aDocuments and discussion
260 _aCamberra :
_bBureau of Agricultural Economics,
_c1974
300 _a3 v.
_b; gráfs.
500 _aLa biblioteca tiene : v.3 Crop products
590 _aBATCH-UPD
_b10
_c20130110
_lUCH01
_h0047
590 _aBATCH-UPD
_b10
_c20130110
_lUCH01
_h2251
590 _aBATCH-UPD
_b10
_c20130409
_lUCH01
_h2033
590 _aBATCH-UPD
_b10
_c20130410
_lUCH01
_h1544
590 _aBATCH-UPD
_b10
_c20130914
_lUCH01
_h1927
590 _aCONVERSION
_b10
_c20130109
_lUCH01
_h1317
650 1 4 _aPolítica agrícola
_zAustralia.
_990382
650 1 4 _aProductos agrícolas
_xAspectos económicos
_xAustralia.
_991904
901 _aBK
942 _cLIBRO
949 _a338.994 N3 1974
_bBC
_cLIBRO
_d33724000384798
_eLIBRO
_fv.3
_h38357
_i35652
_si
999 _c30568
_d30568